00332nam a2200133Ia 4500008004100000041000800041082001400049100002000063245003000083250001400113260003200127300003200159365000700191240624s9999 xx 000 0 und d aeng a658.3 DEC aDECENZO DAVID A aHUMAN RESOURCE MANAGEMENT a(7th ed.) c2002aNew DelhibJohn Wiley axxiv, : 462 : p. : cm. ; 24 cRS